| Tag |
First Indicator |
Second Indicator |
Subfields |
| LEADER |
00000pam a2200000 4500 |
| 001 |
in00000463520 |
| 005 |
20151012163556.0 |
| 008 |
740806s1975 enka b 00110 eng |
| 010 |
|
|
|a 74016164
|
| 020 |
|
|
|a 0470937092
|
| 035 |
|
|
|a (OCoLC)01009565
|
| 035 |
|
|
|9 ABZ6618AM
|
| 040 |
|
|
|a DLC
|c DLC
|d TXA
|d UtOrBLW
|
| 049 |
|
|
|a TXAM
|c [973200]
|
| 050 |
0 |
0 |
|a QA279.7
|b .W47 1975
|
| 082 |
0 |
|
|a 519.5/4
|
| 100 |
1 |
|
|a Wetherill, G. Barrie.
|
| 245 |
1 |
0 |
|a Sequential methods in statistics /
|c [by] G. Barrie Wetherill.
|
| 250 |
|
|
|a [2d ed.].
|
| 264 |
|
1 |
|a London :
|b Chapman and Hall;
|c [1975]
|
| 264 |
|
2 |
|a New York :
|b [distributed in the U.S.A. by Halsted Press],
|
| 300 |
|
|
|a x, 232 pages :
|b illustrations ;
|c 23 cm.
|
| 336 |
|
|
|a text
|b txt
|2 rdacontent
|
| 337 |
|
|
|a unmediated
|b n
|2 rdamedia
|
| 338 |
|
|
|a volume
|b nc
|2 rdacarrier
|
| 490 |
1 |
|
|a Monographs on applied probability and statistics
|
| 500 |
|
|
|a Includes indexes.
|
| 504 |
|
|
|a Bibliography: pages 215-227.
|
| 541 |
0 |
|
|a Donated by Robert, Eric & Joe Battalio in memory of their father Raymond C. Battalio, June 2005.
|
| 650 |
|
0 |
|a Sequential analysis.
|
| 830 |
|
0 |
|a Monographs on applied probability and statistics.
|
| 999 |
|
|
|a MARS
|
| 999 |
f |
f |
|s 23639b19-b401-3c67-b138-060d4a7fe368
|i 7e460ce7-ad28-3eee-bb83-5791654a5a88
|t 0
|
| 952 |
f |
f |
|p ric
|a Texas A&M University
|b Rellis Campus
|c Joint Library Facility
|s JLF
|d Remote Storage
|t 0
|e QA279.7 .W47 1975
|h Library of Congress classification
|i unmediated -- volume
|m A14832808318
|
| 998 |
f |
f |
|a QA279.7 .W47 1975
|t 0
|l Remote Storage
|